000 00812nam a2200241Ia 4500
003 OSt
005 20220923231028.0
006 a|||||r|||| 00| 0
007 ta
008 220922b |||||||| |||| 00| 0 pan d
020 _c399
024 _a354,928
037 _b1389, 25/12/2021, H.K. Prakashan
_cTextual
040 _aARTS
_cARTS
_bpan
041 _2pan
_apan
082 _aO111973,3M77, 153R1
100 _aਸਟਾਰਨ, ਜੇਸ, ਂਚ.
245 0 _aਐਡਗਰ ਕੈਸੀ
_b ਸੁੱਤਾ ਪੈਫ਼ੰਬਰ
260 _aਦਿੱਲੀ
_b ਰੀਖਿਕ ਫਾਉਡੇFਨ
_c2021
300 _a389ਪ੍ਰ0
_ccm.
942 _hO111973,3M77, 153R1
_cTEXL
_2CC
999 _c388879
_d388879